| 000 | 01670nam a2200445 a 4500 | ||
|---|---|---|---|
| 999 |
_c13381 _d13379 |
||
| 001 | 40728 | ||
| 003 | UkOxU | ||
| 005 | 20190508155210.0 | ||
| 008 | 991006s2000 mauca b 001 0 eng | ||
| 020 | _a0073039381 | ||
| 020 | _z0071160434 (rear cover, international ed.) | ||
| 035 | _a(UkLCURL)980099021139 | ||
| 040 |
_bEnglish _cDDC |
||
| 050 | 4 | _aQA403.5 .B7 2000 | |
| 050 | 4 |
_aQA403.5 _bBRA |
|
| 082 | _a515.723/ BRA | ||
| 100 | 1 |
_aBracewell, Ronald N. _q(Ronald Newbold), _d1921-2007 |
|
| 245 | 1 | 4 |
_aThe Fourier transform and its applications / _cRonald N. Bracewell. |
| 250 | _a3rd ed. | ||
| 260 |
_aBoston ; _aLondon : _bMcGraw Hill, _cc2000. |
||
| 300 |
_axx, 616 p. : _bill. ; _c25 cm. |
||
| 490 | 1 | _aMcGraw-Hill series in electrical and computer engineering. Circuits and systems | |
| 500 | _aIncludes index. | ||
| 504 | _aIncludes bibliographical references and index. | ||
| 650 | 0 | _aTransformations (Mathematics) | |
| 650 | 0 | _aHarmonic analysis. | |
| 650 | 0 | _aFourier transformations. | |
| 830 | 0 |
_aMcGraw-Hill series in electrical and computer engineering. _pCircuits and systems |
|
| 942 |
_2ddc _cCIRC |
||